South Asian Journal Of Business And Management Cases (Record no. 41538)
[ view plain ]
| 000 -LEADER | |
|---|---|
| fixed length control field | 00361nam a22001337a 4500 |
| 008 - FIXED-LENGTH DATA ELEMENTS--GENERAL INFORMATION | |
| fixed length control field | 240926b |||||||| |||| 00| 0 eng d |
| 022 ## - INTERNATIONAL STANDARD SERIAL NUMBER | |
| International Standard Serial Number | 22779779 |
| 041 ## - LANGUAGE CODE | |
| Language code of text/sound track or separate title | Eng |
| 245 ## - TITLE STATEMENT | |
| Title | South Asian Journal Of Business And Management Cases |
| 260 ## - PUBLICATION, DISTRIBUTION, ETC. | |
| Place of publication, distribution, etc. | New Dehli |
| Name of publisher, distributor, etc. | Sage Publication |
| Date of publication, distribution, etc. | 2024 |
| 300 ## - PHYSICAL DESCRIPTION | |
| Extent | 129p |
| 856 ## - ELECTRONIC LOCATION AND ACCESS | |
| Uniform Resource Identifier | <a href="journals.sagepub.com/home/bmc">journals.sagepub.com/home/bmc</a> |
| 942 ## - ADDED ENTRY ELEMENTS (KOHA) | |
| Koha item type | Serial |
| Withdrawn status | Lost status | Source of classification or shelving scheme | Damaged status | Not for loan | Home library | Current library | Date acquired | Serial Enumeration / chronology | Total Checkouts | Barcode | Date last seen | Price effective from | Koha item type |
|---|---|---|---|---|---|---|---|---|---|---|---|---|---|
| Dewey Decimal Classification | IMTN | IMTN | 09/26/2024 | Vol. 13, No. 1 | P23 | 09/26/2024 | 09/26/2024 | Serial | |||||
| Dewey Decimal Classification | IMTN | IMTN | 09/26/2024 | Vol. 13, No. 2 | P24 | 09/26/2024 | 09/26/2024 | Serial | |||||
| Dewey Decimal Classification | IMTN | IMTN | 02/18/2025 | Vol. 13, No. 3 | P141 | 02/18/2025 | 02/18/2025 | Serial | |||||
| Dewey Decimal Classification | IMTN | IMTN | 09/29/2025 | Vol. 14, No. 1 | P900 | 09/29/2025 | 09/29/2025 | Serial | |||||
| Dewey Decimal Classification | IMTN | IMTN | 09/29/2025 | Vol. 14, No. 2 | P901 | 09/29/2025 | 09/29/2025 | Serial |